| 000 | 02037nam a2200433 c 4500 | ||
|---|---|---|---|
| 003 | BLK | ||
| 005 | 20180422112753.0 | ||
| 008 | 180410b bul|||||r ||||||| ||bul|| | ||
| 010 | _aKNG00153524000 | ||
| 020 |
_a978-954-319-131-4 _bиздат.: Шамбала |
||
| 040 | _aBLK | ||
| 041 |
_aBUL _cBUL |
||
| 072 | 7 |
_2bullib _aН10 _xФилософия Н |
|
| 080 |
_aВоля. Желание. Свобода на волята. Избор. Решение. Възпитаване на волята. Детерминация. Самодисциплина. Намерения. Подбуди. Желания _b159.947 _x _z159.947 |
||
| 080 |
_aХипноза. Сугестия. - Хипнотизиране, внушение, самовнушение, автосугестия _b159.962 _x _z159.962 |
||
| 080 |
_aЕтика на бизнеса. Успех _b174.4 _x _z174.4 |
||
| 100 | 1 |
_aАткинсън, Уилям Уокър _eпърви автор _9368873 |
|
| 700 | 1 |
_aИванова, Ива Николаева _eпрев. от англ. _9380148 |
|
| 139 |
_aАткинсън, Уилям Уокър _bА 93 |
||
| 245 | 1 | 0 |
_aСилата на мисълта в бизнеса и ежедневието _cУилям Уокър Аткинсън; прев. от англ. Ива Николаева Иванова. |
| 257 | _aUSA | ||
| 260 |
_аСофия _bШамбала _c2009 _fСофия : Миг принт |
||
| 300 |
_a160 с. _c20 см |
||
| 380 | _a1 | ||
| 490 | 1 | _aМистични техники за успех | |
| 500 | _aОриг. загл.: Thought-force in business and everyday life / William W. Atkinson. | ||
| 650 | 4 |
_aЛичност - психология _9243160 |
|
| 650 | 4 |
_aВоля _9151246 |
|
| 650 | 4 |
_aАвтотренинг _9146436 |
|
| 653 | _aпсихология на личността | ||
| 653 | _aволя | ||
| 653 | _aавтотренинг | ||
| 659 | _aН | ||
| 852 | _aЦб 266555 | ||
| 856 | 4 |
_qpdf _u |
|
| 856 | 4 |
_qpdf _u |
|
| 942 |
_cKNG _n0 |
||
| 944 |
_aCR _c20.11.2013 _kСимона_Петрова |
||
| 944 |
_aED _c03.07.2014 _k |
||
| 999 |
_c147315 _d147315 |
||